000 00296nam a2200121Ia 4500
008 240624s9999 xx 000 0 und d
041 _aeng
082 _a823 SHA
100 _aSANGHVI SIDDHARTH DHANVANT
245 _aLOST FLAMINGOES OF BOMBAY
260 _c2009
_aGurgaon
_bPenguin
365 _cRS
999 _c31393
_d31393